00699nam a2200241 a 4500001001300000003000900013005001700022008004100039020001100080082001300091100002200104245004400126260004500170300001000215500003500225505001000260650002000270700002200290902000800312942000700320952011500327999001500442nice12345678IN_TiNIC20260116011553.0050524s1960 lona grp 000 0 eng  ac335000a950bVIN aVinacke, Harold M aHistory of the Far East in Modern Times aLondonbGeorge Allen and Unwin Ltdc1960 a877p] aincludes index and biblioraphy2 aIndex aFar Eas-History1 aVinacke, Harold M bSRS cBK 001040708StackRoom-aHMIbHMId2005-05-24g3350.00l0o950 VINp01054r2005-05-24v3350.00w2005-05-24yBK c2672d2672